Quiz sull'Azerbaigian - Statistics

Statistiche generali
  • Questo quiz è stato fatto 1.476 volte
  • Il punteggio medio è 12 su 19
Statistiche sulle risposte
Domanda Risposta % Corretto
Stati confinanti Russia
97%
Stati confinanti Armenia
94%
Stati confinanti Georgia
94%
Capitale Baku
91%
Stati confinanti Turchia
87%
Mare sul quale si trova la capitale Mar Caspio
86%
Stato dal quale ha ottenuto l'indipendenza nel 1991 Unione Sovietica
86%
Stati confinanti Iran
83%
Nonostante sia un paese asiatico, l'Azerbaigian partecipa a questo concorso musicale Eurovision
79%
Catena montuosa nel nord del paese Caucaso
65%
Lingua ufficiale Azero
63%
Ramo dell'Islam praticato dall'89% della popolazione Sciita
48%
Parola che inizia per "e" che descrive una parte scollegata di un paese circondato da territorio straniero, come la "Repubblica Autonoma di Naxçıvan" per l'Armenia Exclave
46%
All'inizio del XX secolo, l'Azerbaigian produceva più del 50% dell'offerta mondiale di ... Petrolio
42%
Regione luogo di una guerra etnica dal 1988-1994, conflitto ancora irrisolto {Nagorno}-Karabakh
36%
Giocatore di scacchi, nato in Azerbaigian, campione del mondo dal 1985 al 2000 Garry Kasparov
22%
Sport che conta 22 delle 42 medaglie olimpiche dell'Azerbaigian (2 parole) Lotta libera
22%
L'Azerbaigian ha 400 di questi "vulcani", più di qualsiasi altro paese (nota: non sono veri vulcani) Vulcani di {Fango}
17%
Animale nazionale Cavallo
16%
Nessun quiz corrispondente trovato
Distribuzione punteggi
Percentuale di utenti per punteggio
Percentile per numero di risposta
I tuoi punteggi nel tempo
Non hai fatto questo quiz